Eastern Utah Libraries Catalog: Duchesne, Heber, Roosevelt, & Vernal

Roar : (Record no. 416246)

MARC details
000 -LEADER
fixed length control field 02164pam a2200481 i 4500
001 - CONTROL NUMBER
control field 3432529
005 - DATE AND TIME OF LATEST TRANSACTION
control field 20260206142041.0
008 - FIXED-LENGTH DATA ELEMENTS--GENERAL INFORMATION
fixed length control field 230817s2024 nyua b 001 0 eng
010 ## - LIBRARY OF CONGRESS CONTROL NUMBER
LC control number 2023036792
020 ## - INTERNATIONAL STANDARD BOOK NUMBER
International Standard Book Number 9780593581926
Qualifying information (paperback) :
Terms of availability $22.00
020 ## - INTERNATIONAL STANDARD BOOK NUMBER
International Standard Book Number 059358192X :
Terms of availability $22.00
020 ## - INTERNATIONAL STANDARD BOOK NUMBER
Cancelled/invalid ISBN 9780593797112
Qualifying information (ebook)
035 ## - SYSTEM CONTROL NUMBER
System control number (OCoLC)1375643428
035 ## - SYSTEM CONTROL NUMBER
System control number (OCoLC)on1375643428
040 ## - CATALOGING SOURCE
Original cataloging agency DLC
Language of cataloging eng
Description conventions rda
Transcribing agency DLC
042 ## - AUTHENTICATION CODE
Authentication code pcc
050 00 - LIBRARY OF CONGRESS CALL NUMBER
Classification number RC1218.W65
Item number S56 2024
082 00 - DEWEY DECIMAL CLASSIFICATION NUMBER
Classification number 613.7/11082
Edition number 23
092 ## - LOCALLY ASSIGNED DEWEY CALL NUMBER (OCLC)
Classification number general nonfiction
Item number 613.7 Sims
100 1# - MAIN ENTRY--PERSONAL NAME
Personal name Sims, Stacy T.,
Relator term author.
9 (RLIN) 6544261
245 10 - TITLE STATEMENT
Title Roar :
Remainder of title match your food and fitness to your unique female physiology for optimum performance, great health, and a strong body for life /
Statement of responsibility, etc Stacy T. Sims, PhD, with Selene Yeager.
250 ## - EDITION STATEMENT
Edition statement Revised edition.
264 #1 - Production, Publication, Distribution, Manufacture, and Copyright Notice.
Place of production, publication, distribution, manufacture New York, N.Y. :
Name of producer, publisher, distributor, manufacturer Rodale,
Date of production, publication, distribution, manufacture, or copyr [2024]
300 ## - PHYSICAL DESCRIPTION
Extent xiii, 378 pages :
Other physical details illustrations ;
Dimensions 23 cm
336 ## - Content Type
Content type term text
337 ## - Media type
Media type term unmediated
338 ## - Carrier type
Carrier type term volume
504 ## - BIBLIOGRAPHY, ETC. NOTE
Bibliography, etc Includes bibliographical references (pages 335-358) and index.
520 ## - SUMMARY, ETC.
Summary, etc "The groundbreaking book that revolutionized exercise nutrition and performance for female athletes, now freshly updated"--
650 #0 - SUBJECT ADDED ENTRY--TOPICAL TERM
Topical term or geographic name as entry element Women athletes
General subdivision Health and hygiene.
9 (RLIN) 6560605
650 #0 - SUBJECT ADDED ENTRY--TOPICAL TERM
Topical term or geographic name as entry element Women
General subdivision Health and hygiene.
9 (RLIN) 93992
650 #0 - SUBJECT ADDED ENTRY--TOPICAL TERM
Topical term or geographic name as entry element Women athletes
General subdivision Physiology.
9 (RLIN) 6560606
650 #0 - SUBJECT ADDED ENTRY--TOPICAL TERM
Topical term or geographic name as entry element Women athletes
General subdivision Nutrition.
9 (RLIN) 6560607
650 #7 - SUBJECT ADDED ENTRY--TOPICAL TERM
Topical term or geographic name as entry element HEALTH & FITNESS / Exercise.
Source of heading or term bisacsh
9 (RLIN) 5776449
650 #7 - SUBJECT ADDED ENTRY--TOPICAL TERM
Topical term or geographic name as entry element HEALTH & FITNESS / Diet & Nutrition / Nutrition.
Source of heading or term bisacsh
9 (RLIN) 5717196
650 #7 - SUBJECT ADDED ENTRY--TOPICAL TERM
Topical term or geographic name as entry element HEALTH & FITNESS / Women's Health.
Source of heading or term bisacsh
9 (RLIN) 5678313
700 1# - ADDED ENTRY--PERSONAL NAME
Personal name Yeager, Selene,
Relator term author.
9 (RLIN) 5764600
776 08 - ADDITIONAL PHYSICAL FORM ENTRY
Display text Online version:
Main entry heading Sims, Stacy T.
Title Roar
Place, publisher, and date of publication New York, N.Y. : Rodale Books, [2024]
International Standard Book Number 9780593581926
Record control number (DLC) 2023036793
942 ## - ADDED ENTRY ELEMENTS (KOHA)
Source of classification or shelving scheme Dewey Decimal Classification
Koha item type BOOK
Holdings
Withdrawn status Lost status Source of classification or shelving scheme Damaged status Not for loan Collection code Home library Current library Shelving location Date acquired Source of acquisition Total Checkouts Total Renewals Full call number Barcode Checked out Date last seen Date checked out Cost, replacement price Price effective from Koha item type
    Dewey Decimal Classification     General NonFiction Wasatch County Library Wasatch County Library Second Floor 02/06/2026 Ingram 1 2 613.7 Sims 34301002178749 04/10/2026 02/12/2026 02/12/2026 22.00 02/06/2026 BOOK
This project was made possible through a grant from the Institute of Museum and Library Service administered by the Utah State Library Division.

Wasatch County Library

  • 465 East 1200 South, Heber City, Utah 84032
  • Phone 435-654-1511 | Fax 435-654-6456

Hours

  • Monday - Friday 9:30 AM - 8:00 PM
  • Saturday 9:30 AM - 1:30 PM
  • Closed Sundays and Holidays